000 02896nam a2200337 i 4500
003 DO-SdBNP
005 20250704093303.0
007 ta
008 250612s1940 ag 000 0 spa d
040 _aDO-SdBNP
_bspa
_cBNPHU
_erda
041 _hspa
082 _a823.8
_bW671r
_222
100 _aWilde, Oscar,
_d1854-1900
_913294
_eautor
_4aut.
245 1 3 _aEl ruiseñor y la rosa :
_b(the nightingale and the rose, and other tales) /
_cOscar Wilde ; traducción directa del inglés de Roberto E. D'Elio. Texto íntegro, de acuerdo con el original.
250 _aPrimera edición
264 4 _aBuenos Aires :
_bEditorial Sopena Argentina,
_c©1940.
300 _a155 páginas ;
_c23 cm.
336 _atexto
_btxt
_2rdacontent
337 _asin mediación
_bn
_2rdamedia
338 _avolumen
_bnc
_2rdacarrier
490 0 _aBiblioteca mundial Sopena
500 _aIncluye datos biográficos del autor en la página 1.
505 _a El ruiseñor y la rosa.--El gigante egoísta.--El famoso cohete.--La esfinge sin secreto.--El fantasma de Canterville.--El modelo millonario.--El joven rey.--El natalicio de la Infanta.--El pescador y su alma.--El hijo de la estrella.--El príncipe feliz.--La esfinge (poema)
520 _aEl ruiseñor y la rosa es un cuento escrito por el poeta, escritor y dramaturgo británico-irlandés Oscar Wilde. Fue publicado por primeral ruiseño vez en El príncipe feliz y otros cuentos junto a otros cuatro cuentos del autor en 1888. Fue el cuento más destacado del primeral ya mencionado. La historia trata de un joven estudiante enamorado de una chica (Hija de su profesor). Necesitaba una rosa roja para impresionarla y que así ella fuera al baile con él. Sólo tenía rosas blancas en su jardín, entonces se puso a llorar. Un ruiseñor le vio y este, ilusionado con la idea de que el joven pueda encontrar el amor verdadero, toma la decisión de ser torturado toda la noche cantando a la luz de la luna y sacrificar su vida para entregar su sangre a un rosal seco que estaba en la ventana del estudiante, para que naciera una rosa roja. El joven al despertarse al otro día y al mirar a su ventana, se emociona y toma la rosa, que más tarde se la lleva a la chica, pero esta lo rechaza argumentando que ya otros le habían dado mejores regalos (Como el Hijo del Chambelan) y que esa rosa era común y sin valor. Pues al parecer a la bella dama solo le importaban las apariencias y los bienes materiales.
590 _aInventariado, 2025/ YL
650 4 _aLiteratura inglesa
_911512
700 1 2 _aD´Elio, Roberto E.
_e traductor
_4tr.
_962833
856 _yhttps://repositori.lecturafacil.net/sites/default/files/El%20ruise%C3%B1or%20y%20la%20rosa.pdf
_yhttps://www.cervantesvirtual.com/obra-visor/el-ruisenor-y-la-rosa-y-otros-cuentos-poemas-en-prosa--0/html/ff0cedbe-82b1-11df-acc7-002185ce6064_2.html
910 _aYlockward
942 _2ddc
_cLBS1
999 _c59246
_d59246